| 000 | 01262nam a2200229Ia 4500 | ||
|---|---|---|---|
| 001 | L200-53468 | ||
| 003 | IT-CnALBA | ||
| 008 | 170116s9999||||xx |||||||||||||| ||und|| | ||
| 040 |
_aIT-CnALBA _cIT-CnALBA |
||
| 041 | _aITALIANO | ||
| 100 | _aDHAVAMONY MARIASUSAI, SJ. | ||
| 245 | 0 | _aMADRE TERESA. ALLE SORGENTI DELLA SUA SPIRITUALITÀ. UNA PROSPETTIVA TEOLOGICA. | |
| 250 | _a1a ed. | ||
| 260 |
_a PADOVA _bMESSAGGERO EDIZIONI _c1999 [1° Ed.:1999 - Ed.Ling.Originale: 1999] |
||
| 300 | _a121 p. | ||
| 500 | _aSTUDI RELIGIOSI. LETTERA DI MADRE TERESA ALL'AUTORE. SPIRITUALITÀ DI MADRE TERESA. TERZO MILLENNIO. L'AMORE DI DIO RIVELATO DAL FIGLIO PER MEZZO DELLA CROCE. LA MISSIONE DI MADRE TERESA. AMORE PER I POVERI. CARITÀ ESSENZA DELLA VITA CRISTIANA. FORMA DELL' | ||
| 501 | _aSocietà San Paolo EM - Piazza San Paolo, 14 - 12051 ALBA (CN) (non commercial uses only) ® Copyright 2017 | ||
| 520 | _aSTUDI RELIGIOSI. LETTERA DI MADRE TERESA ALL'AUTORE. SPIRITUALITÀ DI MADRE TERESA. TERZO MILLENNIO. L'AMORE DI DIO RIVELATO DAL FIGLIO PER MEZZO DELLA CROCE. LA MISSIONE DI MADRE TERESA. AMORE PER I POVERI. CARITÀ ESSENZA DELLA VITA CRISTIANA. FORMA DELL' | ||
| 650 | _aRELIGIONE - RELIGIONE CRISTIANA | ||
| 942 | _cBK | ||
| 957 | _71 | ||
| 999 |
_a70958 _bNO _g Copie: 1 _c312347 _d312347 |
||